Antonio Machado : (Record no. 194316)

MARC details
000 -LEADER
campo de control de longitud fija 02278nam a2200457 i 4500
001 - NÚMERO DE CONTROL
campo de control 194316
003 - IDENTIFICADOR DE NÚMERO DE CONTROL
campo de control SpMaBN
005 - FECHA Y HORA DE LA ÚLTIMA TRANSACCIÓN
campo de control 20250825062736.0
007 - CAMPO FIJO DE DESCRIPCIÓN FÍSICA--INFORMACIÓN GENERAL
campo de control de longitud fija ta
008 - DATOS DE LONGITUD FIJA--INFORMACIÓN GENERAL
campo de control de longitud fija 240424s2023 sp a | |||| 000 0bspa
017 ## - NÚMERO DE COPYRIGHT O DE DEPÓSITO LEGAL
Número de copyright o de depósito legal M 856-2023
Agencia que asigna Oficina Depósito Legal Madrid
020 ## - NÚMERO INTERNACIONAL ESTÁNDAR DEL LIBRO
Número Internacional Estándar del Libro 9788432163517
Información calificativa edición impresa
020 ## - NÚMERO INTERNACIONAL ESTÁNDAR DEL LIBRO
ISBN cancelado o inválido 978-84-321-6352-4
Información calificativa edición digital
035 ## - NÚMERO DE CONTROL DEL SISTEMA
Número de control de sistema a7244279
040 ## - FUENTE DE CATALOGACIÓN
Centro catalogador/agencia de origen SpMaBN
Lengua de catalogación spa
Centro/agencia transcriptor SpMaBN
Normas de descripción rda
Centro/agencia modificador ES-MaACL
080 ## - NÚMERO DE LA CLASIFICACIÓN DECIMAL UNIVERSAL
Número de la Clasificación Decimal Universal 929 Machado, Antonio
080 ## - NÚMERO DE LA CLASIFICACIÓN DECIMAL UNIVERSAL
Número de la Clasificación Decimal Universal 821.134.2 Machado, Antonio 1.07
100 1# - ENTRADA PRINCIPAL--NOMBRE DE PERSONA
Nombre de persona Baltanás, Enrique,
Fechas asociadas al nombre 1952-
9 (RLIN) 235984
Término indicativo de función/relación Autor
245 10 - MENCIÓN DEL TÍTULO
Título Antonio Machado :
Resto del título Poeta de todas las Españas /
Mención de responsabilidad, etc. Enrique Baltanás.
264 #1 - PRODUCCIÓN, PUBLICACIÓN, DISTRIBUCIÓN, FABRICACIÓN Y COPYRIGHT
Producción, publicación, distribución, fabricación y copyright Madrid :
Nombre del de productor, editor, distribuidor, fabricante Ediciones Rialp,
Fecha de producción, publicación, distribución, fabricación o copyright [2023]
264 #4 - PRODUCCIÓN, PUBLICACIÓN, DISTRIBUCIÓN, FABRICACIÓN Y COPYRIGHT
Fecha de producción, publicación, distribución, fabricación o copyright ©2023
300 ## - DESCRIPCIÓN FÍSICA
Extensión 196 páginas :
Otras características físicas ilustraciones (blanco y negro) ;
Dimensiones 22 cm
336 ## - TIPO DE CONTENIDO
Término de tipo de contenido Texto
Fuente rdacontent
337 ## - TIPO DE MEDIO
Nombre/término del tipo de medio sin mediación
Fuente rdamedia
338 ## - TIPO DE SOPORTE
Nombre/término del tipo de soporte volumen
Fuente rdacarrier
490 1# - MENCIÓN DE SERIE
Mención de serie Historia
500 ## - NOTA GENERAL
Nota general Catalogación provisional. N-9949. Depósito J
520 ## - RESUMEN, ETC.
Sumario, etc. Como todos los grandes de la poesía, Machado es algo más que un poeta, es un arquetipo humano. Por eso interesa su vida y su obra, siempre indisolubles en todo ser humano.<br/><br/>Mucho se ha escrito sobre él. En esta ocasión, el autor aspira a ofrecer un recuento y una reflexión, no solo sobre su obra literaria y su biografía, sino también sobre el perfil controvertido, el pensamiento y la ideología de quien ha sido el poeta central de la poesía española del siglo XX.
600 14 - PUNTO DE ACCESO ADICIONAL DE MATERIA--NOMBRE DE PERSONA
Nombre de persona Machado, Antonio,
Fechas asociadas al nombre 1875-1939-
9 (RLIN) 75154
Subdivisión general Crítica e interpretación
600 14 - PUNTO DE ACCESO ADICIONAL DE MATERIA--NOMBRE DE PERSONA
Nombre de persona Machado, Antonio,
Fechas asociadas al nombre 1875-1939-
9 (RLIN) 75153
Subdivisión general Biografías
650 #4 - PUNTO DE ACCESO ADICIONAL DE MATERIA--TÉRMINO DE MATERIA
9 (RLIN) 10574
Término de materia o nombre geográfico como elemento de entrada Biografías
655 #0 - TERMINO DE INDIZACIÓN--GENERO/FORMA
Datos o término principal de género/forma Biografías
9 (RLIN) 176647
655 #0 - TERMINO DE INDIZACIÓN--GENERO/FORMA
Datos o término principal de género/forma Críticas literarias
9 (RLIN) 233806
830 ## - PUNTO DE ACCESO ADICIONAL DE SERIE-TÍTULO UNIFORME
Título uniforme Historia (Rialp)
9 (RLIN) 235985
852 ## - LOCALIZACIÓN
Ubicación ES-MaACL
Sublocalización o colección R.155104
Ubicación en estantería Depósito J
Número de control de estantería N-9949
Nota libre Compra
-- En proceso
itemnumber 201918
Encuadernación Encuadernación rústica con solapas
942 ## - ELEMENTOS DE ENTRADA SECUNDARIOS (KOHA)
Suprimir en OPAC No
Tipo de ítem Koha Libro impreso
Holdings
Estatus retirado Estado de pérdida Fuente del sistema de clasificación o colocación Estado de daño No para préstamo Biblioteca de origen Biblioteca actual Ubicación en estantería Fecha de adquisición Fuente de adquisición Total de préstamos Signatura topográfica completa Código de barras Visto por última vez Precio de reemplazo Tipo de ítem Koha
    Clasificación decimal universal     Biblioteca del Ateneo de Madrid Biblioteca del Ateneo de Madrid Depósito J 24/04/2024 Compra   N-9949 101227166 24/04/2024 24/04/2024 Libro impreso